| 000 | 00434nam a2200181Ia 4500 | ||
|---|---|---|---|
| 001 | 23229 | ||
| 005 | 20260414150923.0 | ||
| 008 | 260414t2013||||xx |||||||||||||| ||spa|| | ||
| 041 | _aESP | ||
| 082 |
_a627 _bV68 |
||
| 100 |
_aVillón Béjar, Máximo _eAUT |
||
| 245 | 0 |
_aDiseño de estructuras hidráulicas _b |
|
| 260 | _c2013 | ||
| 300 |
_a182 páginas : _c21 cm. |
||
| 650 | _a0 | ||
| 654 | _aCIC | ||
| 942 |
_cLIB _dJUS _fJUS _2ddc _n |
||
| 999 |
_c23229 _d23229 |
||